[Event "CHN-chT (Women)"]
[Site "Hebei"]
[Date "2025.05.02"]
[Round "8.4"]
[White "Guo, Qi"]
[Black "Jiang, Tianyu"]
[Result "1/2-1/2"]
[WhiteElo "2377"]
[BlackElo "2102"]
[PlyCount "116"]
[EventDate "2025.04.25"]
[EventType "team-swiss"]
[EventRounds "9"]
[EventCountry "CHN"]
[SourceTitle "CB20_2025"]
[SourceDate "2025.05.14"]
[SourceVersion "1"]
[SourceVersionDate "2025.05.14"]
[SourceQuality "1"]
[WhiteTeam "Jiangsu (W)"]
[BlackTeam "Shandong (W)"]
[WhiteTeamCountry "CHN"]
[BlackTeamCountry "CHN"]

1. d4 Nf6 2. Nf3 d5 3. c4 e6 4. Nc3 c5 5. cxd5 cxd4 6. Qd2 d3 7. Qxd3 exd5 8. Qd4 Be7 9. Bg5 0-0 10. e3 Bd7 11. Rd1 Be6 12. Qa4 Qb6 13. Qb5 Qxb5 14. Bxb5 Nc6 15. 0-0 Rfd8 16. Ba4 h6 17. Bh4 Rac8 18. Bb3 g5 19. Bg3 Na5 20. Nd4 Bb4 21. Ncb5 Nxb3 22. axb3 Bc5 23. Bc7 Rd7 24. Nxe6 fxe6 25. Be5 Ng4 26. Bd4 Bxd4 27. Rxd4 Nf6 28. Nxa7 Rc2 29. Rb4 Rxb2 30. Rb6 Kf7 31. Nc8 Rc7 32. Nd6+ Ke7 33. Nxb7 Ne4 34. b4 Rcc2 35. Nc5 Nxc5 36. bxc5 Rxb6 37. cxb6 Rb2 38. g4 Rxb6 39. Kg2 Kf6 40. Ra1 Rb4 41. Kg3 Rb3 42. Ra4 Rb2 43. h3 Rc2 44. Ra8 Rb2 45. h4 gxh4+ 46. Kxh4 Kg6 47. Kg3 Rb6 48. f4 Rb3 49. Kf2 Rb2+ 50. Kf3 Rb6 51. Ra5 Kf6 52. Ra8 Rc6 53. Rd8 Ra6 54. Rd7 Rb6 55. Ke2 Rb2+ 56. Kf3 Rb6 57. Ke2 Rb2+ 58. Kf3 Rb6 1/2-1/2

[Event "Harbin SCO Team 6th"]
[Site "Harbin"]
[Date "2025.01.01"]
[Round "8.4"]
[White "Guo, Qi"]
[Black "Tarasenka, Aliaksandra"]
[Result "0-1"]
[WhiteElo "2375"]
[BlackElo "2144"]
[PlyCount "104"]
[EventDate "2024.12.31"]
[EventType "team-tourn (rapid)"]
[EventRounds "11"]
[EventCountry "CHN"]
[SourceTitle "CB02_2025"]
[SourceDate "2025.01.08"]
[SourceVersion "1"]
[SourceVersionDate "2025.01.08"]
[SourceQuality "1"]
[WhiteTeam "China"]
[BlackTeam "Belarus"]
[WhiteTeamCountry "CHN"]
[BlackTeamCountry "BLR"]

1. d4 Nf6 2. c4 e6 3. Nc3 Bb4 4. e3 b6 5. Nge2 Bb7 6. a3 Be7 7. Qc2 c5 8. e4 cxd4 9. Nxd4 d6 10. Be2 0-0 11. Be3 Nbd7 12. 0-0 Rc8 13. f4 a6 14. Rad1 Qc7 15. Qb1 Qb8 16. Nb3 Qa8 17. Nd2 Nc5 18. Bf3 b5 19. cxb5 axb5 20. Rfe1 Rfd8 21. Bf2 Bc6 22. h3 Qb7 23. b4 Ncd7 24. Nb3 Qb8 25. Nd4 Ba8 26. Ndxb5 Nb6 27. Qb3 d5 28. e5 Nfd7 29. a4 Nc4 30. Bd4 g6 31. Re2 Bc6 32. Rb1 Bxb5 33. Nxb5 Qa8 34. Rc2 Nb8 35. Be2 Nc6 36. Bxc4 dxc4 37. Rxc4 Nxd4 38. Rxd4 Rxd4 39. Nxd4 Qe4 40. Nf3 Qxf4 41. a5 Rc4 42. b5 Rb4 43. Qd3 Bc5+ 44. Kf1 Qg3 45. Ke2 Qxg2+ 46. Kd1 Rxb1+ 47. Qxb1 Qxf3+ 48. Kc1 Ba3+ 49. Kd2 Qd5+ 50. Qd3 Bb4+ 51. Ke2 Qxe5+ 52. Kf3 Bxa5 0-1

[Event "Harbin SCO Team 6th"]
[Site "Harbin"]
[Date "2025.01.01"]
[Round "10.6"]
[White "Guo, Qi"]
[Black "Wasif, Zenobia"]
[Result "1-0"]
[WhiteElo "2375"]
[BlackElo "1711"]
[PlyCount "65"]
[EventDate "2024.12.31"]
[EventType "team-tourn (rapid)"]
[EventRounds "11"]
[EventCountry "CHN"]
[SourceTitle "CB02_2025"]
[SourceDate "2025.01.08"]
[SourceVersion "1"]
[SourceVersionDate "2025.01.08"]
[SourceQuality "1"]
[WhiteTeam "China"]
[BlackTeam "Pakistan"]
[WhiteTeamCountry "CHN"]
[BlackTeamCountry "PAK"]

1. d4 Nf6 2. c4 g6 3. Nc3 Bg7 4. e4 d6 5. Nf3 0-0 6. Be2 Nc6 7. d5 Nb8 8. h3 e5 9. Bg5 h6 10. Be3 Nbd7 11. b4 Ne8 12. g4 Kh7 13. Rc1 f6 14. c5 g5 15. Nd2 Qe7 16. Nb3 Rf7 17. h4 Nf8 18. Qd2 Kg8 19. h5 Bd7 20. a4 Rc8 21. 0-0 c6 22. f3 Qd8 23. a5 f5 24. exf5 Rf6 25. Ne4 Rf7 26. Bc4 Kh8 27. dxc6 Re7 28. cxd6 Bxc6 29. dxe7 Qxe7 30. b5 Rd8 31. Qe2 Bd7 32. Bc5 Nd6 33. Nxd6 1-0

[Event "Shenzhen (Women)"]
[Site "Shenzhen"]
[Date "2024.11.23"]
[Round "3.1"]
[White "Guo, Qi"]
[Black "Lu, Miaoyi"]
[Result "0-1"]
[WhiteElo "2375"]
[BlackElo "2441"]
[PlyCount "162"]
[EventDate "2024.11.21"]
[EventType "k.o."]
[EventRounds "4"]
[EventCountry "CHN"]
[SourceTitle "CB49_2024"]
[SourceDate "2024.12.04"]
[SourceVersion "1"]
[SourceVersionDate "2024.12.04"]
[SourceQuality "1"]

1. d4 Nf6 2. Nf3 d5 3. c4 e6 4. cxd5 exd5 5. Nc3 Bb4 6. Bg5 h6 7. Bh4 0-0 8. e3 Bf5 9. Qb3 Bxc3+ 10. bxc3 Nbd7 11. Be2 c5 12. dxc5 g5 13. Bg3 Nxc5 14. Qb4 Rc8 15. 0-0 Nfe4 16. Be5 Re8 17. Bd4 Ne6 18. Rac1 b6 19. Ba6 Rc7 20. Bb5 Nxd4 21. cxd4 Bd7 22. Bxd7 Qxd7 23. Ne5 Qc8 24. Rxc7 Qxc7 25. Qb5 Rd8 26. Qd3 Qc3 27. Qe2 f6 28. Ng4 Kg7 29. f3 Nd2 30. Rd1 Nc4 31. e4 h5 32. exd5 Rf8 33. Nf2 Ne3 34. Ne4 Qa3 35. Re1 Nxd5 36. Qc4 Qb4 37. Rc1 Qxc4 38. Rxc4 Rd8 39. Kf2 Kf7 40. g3 Ke7 41. Ke2 Rd7 42. Kd3 b5 43. Rc5 a6 44. a3 Nb6 45. Rc6 Nc4 46. Rxa6 Ne5+ 47. Ke3 Nc4+ 48. Kd3 Ne5+ 49. Ke2 Rxd4 50. Nxf6 Nc4 51. Ne4 g4 52. Kf2 gxf3 53. Kxf3 Rd3+ 54. Kf4 Rxa3 55. Rh6 b4 56. Rxh5 b3 57. Rb5 b2 58. h4 Ra1 59. Nd2 Nxd2 60. Rxb2 Ra4+ 61. Kf5 Nc4 62. Rb7+ Kf8 63. Kf6 Ra6+ 64. Kg5 Nd6 65. Rd7 Ne4+ 66. Kf4 Ra4 67. Kf3 Nf6 68. Rd3 Kf7 69. Rb3 Kg6 70. Rb6 Kf5 71. Rb5+ Ke6 72. Rb6+ Ke5 73. Rb5+ Nd5 74. h5 Ke6 75. Kg2 Nf6 76. Kh3 Kf7 77. Rg5 Ne4 78. Rg6 Ra5 79. g4 Ra3+ 80. Kh4 Ra1 81. Kh3 Rg1 0-1

[Event "Shenzhen (Women)"]
[Site "Shenzhen"]
[Date "2024.11.22"]
[Round "2.2"]
[White "Guo, Qi"]
[Black "Sun, Fanghui"]
[Result "1-0"]
[WhiteElo "2375"]
[BlackElo "2208"]
[PlyCount "195"]
[EventDate "2024.11.21"]
[EventType "k.o."]
[EventRounds "4"]
[EventCountry "CHN"]
[SourceTitle "CB49_2024"]
[SourceDate "2024.12.04"]
[SourceVersion "1"]
[SourceVersionDate "2024.12.04"]
[SourceQuality "1"]

1. d4 Nf6 2. c4 g6 3. Nc3 d5 4. cxd5 Nxd5 5. e4 Nxc3 6. bxc3 Bg7 7. Be3 c5 8. Qd2 Qa5 9. Nf3 Nc6 10. Rb1 a6 11. Rc1 cxd4 12. cxd4 Qxd2+ 13. Kxd2 e6 14. h4 h6 15. d5 exd5 16. exd5 Ne7 17. Bc4 Bg4 18. Bd4 0-0 19. Bxg7 Kxg7 20. Ne5 Bf5 21. Ke3 Rad8 22. Rhd1 Rfe8 23. Kf4 g5+ 24. hxg5 hxg5+ 25. Kg3 Be4 26. Nf3 Kf6 27. a4 Nxd5 28. Bxd5 Bxd5 29. Nxg5 Bc6 30. Kf4 Kg6 31. a5 f6 32. Nf3 Re4+ 33. Kg3 Rxd1 34. Rxd1 Ra4 35. Nd4 Bd5 36. Ne2 Bc4 37. Nf4+ Kf5 38. Rd4 Ke5 39. Rd7 Bf1 40. Rd5+ Ke4 41. f3+ Ke3 42. Rf5 Ra2 43. Nd5+ Kd4 44. Nf4 Ke3 45. Nd5+ Kd4 46. Nf4 Kc4 47. Rxf6 Rxa5 48. Kf2 Bd3 49. Rb6 Ra2+ 50. Ke3 Bf1 51. g4 a5 52. Rxb7 a4 53. Rb1 Ra3+ 54. Ke4 Bd3+ 55. Nxd3 Rxd3 56. Rb8 Rd4+ 57. Ke5 Rd5+ 58. Ke6 Rd4 59. Ra8 Kb3 60. Ke5 Rb4 61. g5 a3 62. g6 Ra4 63. Rb8+ Rb4 64. Ra8 Ra4 65. Rh8 a2 66. Rh1 Ra5+ 67. Kf6 Ra6+ 68. Kg5 Kb2 69. g7 Ra8 70. f4 Rc8 71. f5 Rc1 72. Rxc1 Kxc1 73. g8Q a1Q 74. Qc4+ Kd2 75. f6 Qe5+ 76. Kg6 Qg3+ 77. Kf5 Qh3+ 78. Qg4 Qh7+ 79. Ke6 Qh6 80. Qd4+ Kc2 81. Qe4+ Kb2 82. Qd4+ Ka2 83. Ke7 Qg5 84. Ke6 Qg6 85. Qd5+ Ka1 86. Ke7 Qh7+ 87. f7 Qh4+ 88. Ke8 Qa4+ 89. Kd8 Qh4+ 90. Kd7 Qg4+ 91. Ke7 Qh4+ 92. Kd7 Qg4+ 93. Kd6 Qb4+ 94. Ke5 Qe7+ 95. Kf5 Qf8 96. Kg6 Qc8 97. Qa5+ Kb2 98. Qb4+ 1-0

[Event "Shenzhen (Women)"]
[Site "Shenzhen"]
[Date "2024.11.21"]
[Round "1.3"]
[White "Guo, Qi"]
[Black "Yang, Yijing"]
[Result "1-0"]
[WhiteElo "2375"]
[BlackElo "2084"]
[PlyCount "94"]
[EventDate "2024.11.21"]
[EventType "k.o."]
[EventRounds "4"]
[EventCountry "CHN"]
[SourceTitle "CB49_2024"]
[SourceDate "2024.12.04"]
[SourceVersion "1"]
[SourceVersionDate "2024.12.04"]
[SourceQuality "1"]

1. d4 Nf6 2. c4 e6 3. Nc3 Bb4 4. e3 0-0 5. Nge2 d5 6. a3 Be7 7. cxd5 Nxd5 8. e4 Nxc3 9. bxc3 c5 10. Be3 Nc6 11. g3 Qa5 12. Bd2 Rd8 13. Bg2 cxd4 14. cxd4 Qh5 15. Bc3 Bf6 16. 0-0 Bd7 17. e5 Be7 18. Nf4 Qxd1 19. Rfxd1 g5 20. Ne2 Rac8 21. f4 h6 22. Kf2 b6 23. Be4 Nb8 24. Bb4 Kf8 25. d5 exd5 26. Bxd5 Bc6 27. Bxc6 Nxc6 28. Bxe7+ Kxe7 29. Kf3 f6 30. exf6+ Kxf6 31. Rac1 gxf4 32. Nxf4 Ne5+ 33. Ke4 Rxc1 34. Rxc1 Re8 35. Nd5+ Kg5 36. h4+ Kg6 37. Rc7 Nc4+ 38. Kf4 Rf8+ 39. Kg4 h5+ 40. Kh3 Nxa3 41. Rxa7 Nc4 42. Rc7 b5 43. Nf4+ Kf5 44. Rc5+ Ke4 45. Rxb5 Rf5 46. Rxf5 Kxf5 47. Nxh5 Ne3 1-0

[Event "Shenzhen (Women)"]
[Site "Shenzhen"]
[Date "2024.11.21"]
[Round "1.2"]
[White "Yang, Yijing"]
[Black "Guo, Qi"]
[Result "0-1"]
[WhiteElo "2084"]
[BlackElo "2375"]
[PlyCount "74"]
[EventDate "2024.11.21"]
[EventType "k.o."]
[EventRounds "4"]
[EventCountry "CHN"]
[SourceTitle "CB49_2024"]
[SourceDate "2024.12.04"]
[SourceVersion "1"]
[SourceVersionDate "2024.12.04"]
[SourceQuality "1"]

1. d4 d5 2. c4 e6 3. Nc3 Nf6 4. cxd5 exd5 5. Bg5 Be7 6. e3 h6 7. Bh4 Bg4 8. Qb3 Nbd7 9. Bd3 0-0 10. h3 Be6 11. Nge2 c5 12. Qc2 Rc8 13. Rd1 Re8 14. 0-0 c4 15. Bf5 Nf8 16. Bg3 a6 17. Nf4 Bxf5 18. Qxf5 g6 19. Qc2 b5 20. a3 Bd6 21. Rfe1 N8h7 22. e4 dxe4 23. Nxe4 Nxe4 24. Rxe4 Qd7 25. Rde1 Rxe4 26. Qxe4 Nf6 27. Qf3 Kg7 28. h4 Bb8 29. h5 g5 30. Ne2 Qd5 31. Qxd5 Nxd5 32. Bxb8 Rxb8 33. Ng3 b4 34. axb4 Rxb4 35. Re5 Nf4 36. Nf5+ Kf6 37. Nxh6 Rxb2 0-1

[Event "Shenzhen Nanshan (Women)"]
[Site "Shenzhen"]
[Date "2024.11.16"]
[Round "1.4"]
[White "Guo, Qi"]
[Black "Song, Yuxin"]
[Result "1/2-1/2"]
[WhiteElo "2444"]
[BlackElo "2313"]
[PlyCount "65"]
[EventDate "2024.11.16"]
[EventType "k.o."]
[EventRounds "3"]
[EventCountry "CHN"]
[SourceTitle "CB47_2024"]
[SourceDate "2024.11.20"]
[SourceVersion "1"]
[SourceVersionDate "2024.11.20"]
[SourceQuality "1"]

1. d4 Nf6 2. c4 e6 3. Nf3 d5 4. Nc3 Be7 5. Bg5 h6 6. Bh4 0-0 7. e3 Nbd7 8. Rc1 c5 9. dxc5 Nxc5 10. cxd5 g5 11. Bg3 Nxd5 12. Nxd5 Qxd5 13. Qxd5 exd5 14. Be2 Be6 15. 0-0 Ne4 16. Rc7 Nxg3 17. hxg3 Bf6 18. Nd4 Bxd4 19. exd4 Rfc8 20. Rxb7 Rc2 21. Bh5 Rac8 22. f4 Rd2 23. fxg5 Rcc2 24. Bxf7+ Bxf7 25. Rfxf7 Rxg2+ 26. Kf1 Rh2 27. Rg7+ Kf8 28. Rbf7+ Ke8 29. Re7+ Kf8 30. Rgf7+ Kg8 31. Rg7+ Kf8 32. Rgf7+ Kg8 33. Rg7+ 1/2-1/2

[Event "Shenzhen Nanshan (Women)"]
[Site "Shenzhen"]
[Date "2024.11.16"]
[Round "1.3"]
[White "Song, Yuxin"]
[Black "Guo, Qi"]
[Result "1/2-1/2"]
[WhiteElo "2313"]
[BlackElo "2444"]
[PlyCount "51"]
[EventDate "2024.11.16"]
[EventType "k.o."]
[EventRounds "3"]
[EventCountry "CHN"]
[SourceTitle "CB47_2024"]
[SourceDate "2024.11.20"]
[SourceVersion "1"]
[SourceVersionDate "2024.11.20"]
[SourceQuality "1"]

1. e4 e5 2. Nf3 Nc6 3. d4 exd4 4. Nxd4 Nf6 5. Nxc6 bxc6 6. e5 Qe7 7. Qe2 Nd5 8. c4 Ba6 9. b3 g6 10. Ba3 Nb4 11. Bb2 Bg7 12. a3 Nd5 13. Nd2 0-0 14. 0-0-0 Rfe8 15. Qf3 Nb6 16. Ne4 Bxe5 17. Bxe5 Qxe5 18. Nf6+ Kf8 19. Nxe8 Qa1+ 20. Kc2 Qa2+ 21. Kc1 Qa1+ 22. Kc2 Qa2+ 23. Kc1 Qa1+ 24. Kc2 Qa2+ 25. Kc1 Qa1+ 26. Kc2 1/2-1/2

[Event "Olympiad Women-45"]
[Site "Budapest"]
[Date "2024.09.22"]
[Round "11.3"]
[White "Guo, Qi"]
[Black "Luong, Phuong Hanh"]
[Result "1-0"]
[WhiteElo "2367"]
[BlackElo "2225"]
[PlyCount "109"]
[EventDate "2024.09.11"]
[EventType "team-swiss"]
[EventRounds "11"]
[EventCountry "HUN"]
[SourceTitle "EXT 2025"]
[Source "ChessBase"]
[SourceDate "2024.10.14"]
[SourceVersion "1"]
[SourceVersionDate "2024.10.14"]
[SourceQuality "1"]
[WhiteTeam "China (W)"]
[BlackTeam "Vietnam (W)"]
[WhiteTeamCountry "CHN"]
[BlackTeamCountry "VIE"]

1. d4 d5 2. c4 e6 3. Nf3 a6 4. cxd5 exd5 5. Nc3 Nf6 6. Bg5 Be6 7. Bxf6 Qxf6 8. Qb3 Ra7 9. g3 Qd8 10. Qa4+ c6 11. Bg2 Be7 12. h4 h6 13. Qc2 Nd7 14. Rd1 b5 15. 0-0 0-0 16. e4 b4 17. exd5 cxd5 18. Na4 Qa5 19. Rc1 Bd6 20. b3 Rc7 21. Qd2 Rfc8 22. Rfe1 Nf6 23. Ne5 Ne4 24. Bxe4 dxe4 25. Rxc7 Qxc7 26. d5 Bxd5 27. Qxd5 Bxe5 28. Qxe4 Bd6 29. Kg2 Qc2 30. Qg4 h5 31. Qxh5 Qxa2 32. Qf5 Rd8 33. Re3 Rf8 34. Qd3 Bb8 35. Qxa6 Qc2 36. Qb6 Qd2 37. Qc5 Bd6 38. Qc4 Bb8 39. Re4 Ba7 40. Rf4 Be3 41. Rf3 Ba7 42. Nc5 Bxc5 43. Qxc5 Rd8 44. Qc4 Qd5 45. Qxb4 Rc8 46. Qe1 g6 47. Qe3 Qb7 48. h5 gxh5 49. Qg5+ Kf8 50. Qxh5 Kg8 51. Qe5 Ra8 52. Qg5+ Kf8 53. g4 Ra6 54. Kg3 Rg6 55. Qxg6 1-0

[Event "Olympiad Women-45"]
[Site "Budapest"]
[Date "2024.09.18"]
[Round "7.3"]
[White "Guo, Qi"]
[Black "Shen, Zhiyuan"]
[Result "1-0"]
[WhiteElo "2367"]
[BlackElo "1969"]
[PlyCount "79"]
[EventDate "2024.09.11"]
[EventType "team-swiss"]
[EventRounds "11"]
[EventCountry "HUN"]
[SourceTitle "EXT 2025"]
[Source "ChessBase"]
[SourceDate "2024.10.14"]
[SourceVersion "1"]
[SourceVersionDate "2024.10.14"]
[SourceQuality "1"]
[WhiteTeam "China (W)"]
[BlackTeam "Australia (W)"]
[WhiteTeamCountry "CHN"]
[BlackTeamCountry "AUS"]

1. d4 Nf6 2. c4 g6 3. Nc3 Bg7 4. e4 d6 5. Nf3 0-0 6. Be2 e5 7. 0-0 Bg4 8. d5 a5 9. Bg5 Qe8 10. Ne1 Bd7 11. b3 Na6 12. Nd3 b6 13. a3 Nc5 14. Nxc5 bxc5 15. Rb1 h6 16. Be3 Rb8 17. Rb2 Qe7 18. Qd2 Kh7 19. Rfb1 Ne8 20. b4 cxb4 21. axb4 axb4 22. Rxb4 Rc8 23. Rb7 f5 24. f3 Nf6 25. c5 fxe4 26. fxe4 dxc5 27. Ra7 Bg4 28. d6 Qd8 29. Bxg4 Nxg4 30. dxc7 Qh4 31. h3 Nxe3 32. Qxe3 Bf6 33. Qe1 Rf7 34. Nd5 Qh5 35. Qf2 Kg7 36. Rf1 Qg5 37. Ra6 Rcf8 38. Rxf6 Rxf6 39. Nxf6 c4 40. Nh5+ 1-0

[Event "Olympiad Women-45"]
[Site "Budapest"]
[Date "2024.09.16"]
[Round "6.4"]
[White "Kiolbasa, Oliwia"]
[Black "Guo, Qi"]
[Result "1-0"]
[WhiteElo "2348"]
[BlackElo "2367"]
[PlyCount "113"]
[EventDate "2024.09.11"]
[EventType "team-swiss"]
[EventRounds "11"]
[EventCountry "HUN"]
[SourceTitle "EXT 2025"]
[Source "ChessBase"]
[SourceDate "2024.10.14"]
[SourceVersion "1"]
[SourceVersionDate "2024.10.14"]
[SourceQuality "1"]
[WhiteTeam "Poland (W)"]
[BlackTeam "China (W)"]
[WhiteTeamCountry "POL"]
[BlackTeamCountry "CHN"]

1. d4 d5 2. c4 e6 3. Nc3 Nf6 4. cxd5 exd5 5. Bg5 Be7 6. e3 h6 7. Bh4 Bg4 8. f3 Be6 9. Bd3 c5 10. Nge2 Nc6 11. 0-0 0-0 12. Bc2 Rc8 13. Bf2 cxd4 14. Nxd4 Nxd4 15. Qxd4 Qa5 16. Bb3 Rfd8 17. Rfd1 Bc5 18. Qd3 a6 19. Ne2 Nd7 20. Nf4 Ne5 21. Qe2 Ba7 22. Rac1 Rxc1 23. Rxc1 Ng6 24. Nxe6 fxe6 25. Qc2 Nf8 26. Qd3 Qb6 27. a3 Qd6 28. Ba2 Qd7 29. Rd1 Qc7 30. f4 Kh8 31. Bb1 e5 32. fxe5 Qxe5 33. Kh1 Re8 34. Rf1 Qe4 35. Qe2 Qe6 36. Qd3 Qe4 37. Qe2 Qe6 38. Qc2 Qe4 39. Qd1 Qe6 40. Qc2 Qe4 41. Qd1 Qe6 42. Ba2 Bxe3 43. Bxd5 Qe7 44. Be1 Ne6 45. Ba2 Bc5 46. Bc3 Ng5 47. Qh5 Kh7 48. Bb1+ Kg8 49. Qg6 Rf8 50. Ba2+ Kh8 51. Rd1 Be3 52. Qxh6+ Nh7 53. Qg6 Qd7 54. Re1 Rf2 55. Bb1 Nf6 56. Bxf6 gxf6 57. h3 1-0

[Event "Olympiad Women-45"]
[Site "Budapest"]
[Date "2024.09.12"]
[Round "2.5"]
[White "Guo, Qi"]
[Black "Argote Heredia, Valentina"]
[Result "1-0"]
[WhiteElo "2367"]
[BlackElo "2144"]
[PlyCount "79"]
[EventDate "2024.09.11"]
[EventType "team-swiss"]
[EventRounds "11"]
[EventCountry "HUN"]
[SourceTitle "EXT 2025"]
[Source "ChessBase"]
[SourceDate "2024.10.14"]
[SourceVersion "1"]
[SourceVersionDate "2024.10.14"]
[SourceQuality "1"]
[WhiteTeam "China (W)"]
[BlackTeam "Colombia (W)"]
[WhiteTeamCountry "CHN"]
[BlackTeamCountry "COL"]

1. d4 Nf6 2. Nf3 e6 3. c4 Bb4+ 4. Bd2 Qe7 5. g3 Nc6 6. Nc3 0-0 7. Bg2 Bxc3 8. Bxc3 Ne4 9. Rc1 d6 10. 0-0 f5 11. d5 Nd8 12. b4 a5 13. a3 Bd7 14. Bb2 e5 15. c5 Nf7 16. Nd2 Nf6 17. Nc4 axb4 18. axb4 Ra6 19. Qd3 Rfa8 20. Na5 dxc5 21. Nxb7 e4 22. Qd2 cxb4 23. Rxc7 Ne8 24. Rcc1 Rb6 25. Nc5 Ra5 26. Nb3 Rab5 27. f3 e3 28. Qd3 f4 29. Rc4 fxg3 30. hxg3 Qg5 31. Nc5 Bc8 32. Ne4 Qd8 33. Qxe3 Bb7 34. Rd1 Rg6 35. Rc5 Rbb6 36. f4 Ned6 37. Nxd6 Nxd6 38. Bh3 Qh4 39. Qe6+ Kf8 40. Qxg6 1-0

[Event "Belt and Road Shaoxing 6th"]
[Site "Shaoxing"]
[Date "2024.07.29"]
[Round "6"]
[White "Guo, Qi"]
[Black "Yan, Tianqi"]
[Result "1-0"]
[WhiteElo "2362"]
[BlackElo "2306"]
[PlyCount "51"]
[EventDate "2024.07.24"]
[EventType "swiss"]
[EventRounds "9"]
[EventCountry "CHN"]
[SourceTitle "CBM 221 Extra"]
[Source "ChessBase"]
[SourceDate "2024.09.30"]
[SourceVersion "1"]
[SourceVersionDate "2024.09.30"]
[SourceQuality "1"]

1. d4 Nf6 2. c4 e6 3. Nf3 d5 4. Nc3 dxc4 5. e4 Bb4 6. Qc2 c5 7. dxc5 Qa5 8. Bxc4 Qxc5 9. Qe2 0-0 10. 0-0 Bxc3 11. bxc3 Nc6 12. e5 Nd5 13. Re1 h6 14. Qe4 Nxc3 15. Qg4 Kh8 16. Qh4 Kg8 17. Be3 Qe7 18. Bg5 Qc7 19. Bf6 Nd5 20. Bxd5 exd5 21. Qg3 g6 22. Rac1 Re8 23. Qh4 h5 24. Qf4 Kh7 25. Ng5+ Kg8 26. e6 1-0

[Event "Belt and Road Shaoxing 6th"]
[Site "Shaoxing"]
[Date "2024.07.25"]
[Round "2"]
[White "Guo, Qi"]
[Black "Yang, Yijing"]
[Result "1/2-1/2"]
[WhiteElo "2362"]
[BlackElo "2022"]
[PlyCount "42"]
[EventDate "2024.07.24"]
[EventType "swiss"]
[EventRounds "9"]
[EventCountry "CHN"]
[SourceTitle "CBM 221 Extra"]
[Source "ChessBase"]
[SourceDate "2024.09.30"]
[SourceVersion "1"]
[SourceVersionDate "2024.09.30"]
[SourceQuality "1"]

1. Nf3 d5 2. g3 c6 3. Bg2 Bg4 4. 0-0 Nf6 5. c4 e6 6. cxd5 exd5 7. d3 Be7 8. Nc3 Nbd7 9. h3 Bxf3 10. Bxf3 0-0 11. e4 dxe4 12. dxe4 Nc5 13. Be3 Re8 14. Qc2 Qd3 15. Qxd3 Nxd3 16. Be2 Nc5 17. e5 Nfd7 18. f4 a5 19. Rad1 Rad8 20. Kg2 g6 21. Rd2 Nf8 1/2-1/2

[Event "CHN-chT Div-A"]
[Site "Fuling"]
[Date "2024.07.07"]
[Round "10.4"]
[White "Guo, Qi"]
[Black "Zhang, Xiaowen"]
[Result "1-0"]
[WhiteElo "2362"]
[BlackElo "2261"]
[PlyCount "87"]
[EventDate "2024.06.26"]
[EventType "team-swiss"]
[EventRounds "11"]
[EventCountry "CHN"]
[SourceTitle "CBM 221 Extra"]
[Source "ChessBase"]
[SourceDate "2024.09.30"]
[SourceVersion "1"]
[SourceVersionDate "2024.09.30"]
[SourceQuality "1"]
[WhiteTeam "Jiangshu"]
[BlackTeam "Shanghai"]
[WhiteTeamCountry "CHN"]
[BlackTeamCountry "CHN"]

1. d4 d5 2. c4 e6 3. Nf3 Nf6 4. Nc3 Be7 5. Bf4 0-0 6. e3 b6 7. Be2 Bb7 8. 0-0 Nbd7 9. cxd5 Nxd5 10. Nxd5 Bxd5 11. Qc2 c5 12. Rfd1 cxd4 13. e4 Rc8 14. Qb1 Bc4 15. Bxc4 Rxc4 16. b3 Rc8 17. Rxd4 Bc5 18. Rd3 Qe7 19. b4 Bxb4 20. Rxd7 Qxd7 21. Qxb4 Rfd8 22. h4 Qd3 23. Be3 Qc3 24. Qxc3 Rxc3 25. a4 Rc4 26. Nd2 Rb4 27. a5 f5 28. axb6 axb6 29. Ra7 fxe4 30. Rb7 Rd6 31. g4 h6 32. Kg2 Kf8 33. h5 Kg8 34. Kg3 Kh7 35. Kf4 Rxd2 36. Bxd2 e3+ 37. Kxe3 Rxg4 38. Bc3 Kg8 39. Rxb6 Rg5 40. Rxe6 Kf7 41. Re5 Rg1 42. Ra5 g6 43. Ra7+ Ke8 44. Rg7 1-0

[Event "CHN-chT Div-A"]
[Site "Fuling"]
[Date "2024.06.29"]
[Round "4.4"]
[White "Lei, Tingjie"]
[Black "Guo, Qi"]
[Result "1/2-1/2"]
[WhiteElo "2548"]
[BlackElo "2362"]
[PlyCount "70"]
[EventDate "2024.06.26"]
[EventType "team-swiss"]
[EventRounds "11"]
[EventCountry "CHN"]
[SourceTitle "CBM 221 Extra"]
[Source "ChessBase"]
[SourceDate "2024.09.30"]
[SourceVersion "1"]
[SourceVersionDate "2024.09.30"]
[SourceQuality "1"]
[WhiteTeam "Chongqing Ticai"]
[BlackTeam "Jiangshu"]
[WhiteTeamCountry "CHN"]
[BlackTeamCountry "CHN"]

1. c4 e6 2. Nc3 d5 3. d4 Nf6 4. cxd5 exd5 5. Bg5 c6 6. e3 Bf5 7. Qf3 Bg6 8. Bxf6 Qxf6 9. Qxf6 gxf6 10. h4 h5 11. Nh3 Bd6 12. Kd2 a5 13. Bd3 Nd7 14. Rab1 Rg8 15. g3 Bxd3 16. Kxd3 f5 17. Rhc1 Ke7 18. Ke2 Nf6 19. Ng5 Ne4 20. Nf3 a4 21. Rc2 Ra6 22. Kf1 Rga8 23. Ne2 Rb6 24. Ne1 Bb4 25. Nf3 Ra5 26. Nf4 Nf6 27. Nd3 Bd6 28. Re1 Ne4 29. Kg2 Ra8 30. Kf1 Ra5 31. Kg2 Ra8 32. Nfe5 Nf6 33. Ree2 Rb5 34. Re1 Rb6 35. Ree2 Rb5 1/2-1/2

[Event "Kazan BRICS Games Blitz Team"]
[Site "Kazan"]
[Date "2024.06.21"]
[Round "8.7"]
[White "Guo, Qi"]
[Black "Ampaire, Shakira"]
[Result "1-0"]
[WhiteElo "2362"]
[BlackElo "1839"]
[PlyCount "52"]
[EventDate "2024.06.21"]
[EventType "team-swiss (blitz)"]
[EventRounds "11"]
[EventCountry "RUS"]
[SourceTitle "CBM 220 Extra"]
[Source "ChessBase"]
[SourceDate "2024.07.31"]
[SourceVersion "1"]
[SourceVersionDate "2024.07.31"]
[SourceQuality "1"]
[WhiteTeam "China"]
[BlackTeam "Uganda"]
[WhiteTeamCountry "CHN"]
[BlackTeamCountry "UGA"]

1. d4 d5 2. c4 e6 3. Nf3 c6 4. Qc2 Nf6 5. Bg5 Be7 6. e3 0-0 7. Nc3 Nbd7 8. Rd1 h6 9. Bh4 dxc4 10. Bxc4 Nb6 11. Bd3 Nfd5 12. Bxe7 Qxe7 13. a3 Nxc3 14. Qxc3 Nd5 15. Qc1 f6 16. e4 Nc7 17. 0-0 Qd7 18. Bb1 b6 19. Qc2 Ba6 20. Rfe1 Rad8 21. d5 Rfe8 22. e5 f5 23. dxe6 Qxe6 24. Nd4 Qc4 25. Qxc4+ Bxc4 26. Bxf5 c5 1-0

[Event "Kazan BRICS Games Blitz Team"]
[Site "Kazan"]
[Date "2024.06.21"]
[Round "2.7"]
[White "Guo, Qi"]
[Black "Librelato, Kathie Goulart"]
[Result "1-0"]
[WhiteElo "2362"]
[BlackElo "2181"]
[PlyCount "115"]
[EventDate "2024.06.21"]
[EventType "team-swiss (blitz)"]
[EventRounds "11"]
[EventCountry "RUS"]
[SourceTitle "CBM 220 Extra"]
[Source "ChessBase"]
[SourceDate "2024.07.31"]
[SourceVersion "1"]
[SourceVersionDate "2024.07.31"]
[SourceQuality "1"]
[WhiteTeam "China"]
[BlackTeam "Brazil"]
[WhiteTeamCountry "CHN"]
[BlackTeamCountry "BRA"]

1. d4 d5 2. Nf3 Nf6 3. c4 e6 4. Nc3 c6 5. e3 Nbd7 6. Be2 Bd6 7. 0-0 0-0 8. b3 b6 9. Qc2 Bb7 10. Bb2 Qe7 11. Rfe1 Rfe8 12. Rad1 Rad8 13. Bd3 e5 14. dxe5 Nxe5 15. Be2 dxc4 16. bxc4 h6 17. h3 Ba6 18. c5 Nxf3+ 19. gxf3 Bxe2 20. cxd6 Bxd1 21. dxe7 Bxc2 22. exd8Q Rxd8 23. Re2 Bf5 24. Kg2 Be6 25. Rc2 c5 26. Ne2 Bf5 27. e4 Be6 28. Nf4 Nd7 29. Rd2 Kf8 30. Be5 g5 31. Nxe6+ fxe6 32. Bc7 Ke7 33. Bxd8+ Kxd8 34. Kg3 Ke7 35. f4 gxf4+ 36. Kxf4 b5 37. f3 c4 38. Rg2 a5 39. Ke3 Nc5 40. Kd4 Nd3 41. Rg7+ Kd6 42. Ra7 e5+ 43. Kc3 a4 44. a3 Ne1 45. Ra6+ Kc5 46. Rxh6 Nxf3 47. h4 Nd4 48. Rh5 Ne2+ 49. Kd2 Nf4 50. Rxe5+ Kd4 51. Rxb5 c3+ 52. Kc2 Kc4 53. Rb4+ Kc5 54. Kxc3 Ne2+ 55. Kd2 Nf4 56. Rxa4 Ng6 57. h5 Ne5 58. h6 1-0